00961nam a2200265 i 450000100060000000300090000600500170001500700030003200800410003502000180007608000240009410000410011824501020015925000120026126000460027330000280031949000350034750000140038250400340039665000610043083000430049185200220053499900170055695201220057310968ES-MaACL20230906150012.0t|930607s1992 sp a |||| | spa d a84-7960-030-6 a(05.055.2)(460)"18"1 aJiménez Morell, Inmaculada.96656913aLa prensa femenina en España b: (desde sus orígenes a 1868) / cInmaculada Jiménez Morell. a1ª ed. aMadrid : bEdiciones de la Torre, c1992. a212 p : bil ; c22 cm.1 aNuestro mundo ; v26. Historia aÍndice. aBibliografía: p. [187]-212.14aPublicaciones periódicas femeninas-zEspaña.91587140 aNuestro mundo ; v26. Historia9178865 aES-MaACLjL-18234 c10968d10968 00104070aATENEOMbATENEOMcDEPO2d2008-01-17eSCl0oL-18234p1011186r2023-02-23 00:00:00w2023-02-23yMONOGRAFIA